| 000 -LEADER |
| fixed length control field |
00837nam a2200193Ia 4500 |
| 020 ## - INTERNATIONAL STANDARD BOOK NUMBER |
| ISBN |
9250051964 |
| 040 ## - CATALOGING SOURCE |
| Transcribing agency |
OSU |
| 082 ## - DEWEY DECIMAL CLASSIFICATION NUMBER |
| Classification number |
639 FOO 2004 A052 Or. |
| 110 2# - MAIN ENTRY--CORPORATE NAME |
| Corporate name or jurisdiction name as entry element |
General Fisheries Council for the Mediterranean (Food and Agriculture Organization of the United Nations). |
| 245 10 - TITLE STATEMENT |
| Title |
Report of the extraordinary session : |
| Remainder of title |
St. Julian, Malta, 19-23 July 2004 = Rapport de la session extraordinaire : Saint-Julien, Malte, 1925 juillet 2004 |
| 246 31 - VARYING FORM OF TITLE |
| Title proper/short title |
Rapport de la session extraordinaire |
| 260 ## - PUBLICATION, DISTRIBUTION, ETC. (IMPRINT) |
| Place of publication |
Rome, Italy : |
| Name of publisher |
Food and Agriculture Organization of the United Nations, |
| Year of publication |
c2004 |
| 300 ## - PHYSICAL DESCRIPTION |
| Number of Pages |
vi, 58 p. ; |
| Dimensions |
30 cm |
| 490 1# - SERIES STATEMENT |
| Series statement |
FAO fisheries report ; |
| -- |
FAO, Rapport sur les p©®ches, |
| 500 ## - GENERAL NOTE |
| General note |
"FIPL/R755(Bi)" |
| 650 #0 - SUBJECT ADDED ENTRY--TOPICAL TERM |
| Topical Term |
Fisheries |
| 710 2# - ADDED ENTRY--CORPORATE NAME |
| Corporate name or jurisdiction name as entry element |
Food and Agriculture Organization of the United Nations |
| 942 ## - ADDED ENTRY ELEMENTS (KOHA) |
| Koha item type |
សៀវភៅភាសាអង់គ្លេស |
| 952 ## - LOCATION AND ITEM INFORMATION (KOHA) |
| Withdrawn status [LOCAL, KOHA] |
0 |